Biblioteca

Numbers (Registro nro. 65480)

Detalles MARC
000 -LÍDER
Campo fijo de descripción fija 01689nam a2200337 i 4500
001 - NÚMERO DE CONTROL
Campo de control 768714001
003 - IDENTIFICADOR DEL NÚMERO DE CONTROL
Campo de control CO-MdFUSB
005 - FECHA Y HORA DE LA ULTIMA TRANSACCIÓN
control field 20200317145524.0
007 - CAMPO FIJO DE DESCRIPCIÓN FIJA--INFORMACIÓN GENERAL
Campo fijo de descripción fija ta
008 - ELEMENTOS DE LONGITUD FIJA -- INFORMACIÓN GENERAL
Campo fijo de descripción fija -- Información general 200317b1981 enkbd||| |||| 00| 0 eng d
020 ## - NÚMERO INTERNACIONAL NORMALIZADO PARA LIBROS
Número Internacional Normalizado del libro 9781844742592
040 ## - FUENTE DE CATALOGACIÓN
Agencia de catalogación original CO-MdFUSB
Idioma de catalogación spa
Agencia que realiza la transcripción CO-MdFUSB
Agencia que realiza la modificación CO-MdFUSBC
Convenciones de la descripción rda
041 ## - CÓDIGO DE IDIOMA
Código de idioma para texto/pista de sonido o título separado eng
082 ## - NÚMERO DE CLASIFICACIÓN DECIMAL DEWEY
Número de la edición del Dewey 23
Número de clasificación 222.1407
Clave de autor-Numero de item W474
100 ## - ASIENTO PRINCIPAL--NOMBRE PERSONAL
Nombre personal Wenham, Gordon J.
Término relacionador autor
245 ## - TÍTULO
Título del Material Numbers
Mención de responsabilidad, etc. / Gordon J. Wenham,
264 #1 - PRODUCCIÓN, PUBLICACIÓN, DISTRIBUCIÓN, MANUFACTURA, Y COPYRIGHT
Lugar de producción, publicación, distribución, manufactura Inglaterra :
Nombre del productor, publicador, distribuidor InterVarsity Press,
Fecha de producción, publicación, distribución, manufactura, o copyright [1981]
264 #4 - PRODUCCIÓN, PUBLICACIÓN, DISTRIBUCIÓN, MANUFACTURA, Y COPYRIGHT
Fecha de producción, publicación, distribución, manufactura, o copyright © 1981
300 ## - DESCRIPCIÓN FÍSICA
Extensión 267 páginas
Dimensiones ; 21 cm
336 ## - TIPO DE CONTENIDO
Fuente rdacontent
Término de tipo de contenido texto
Código de tipo de contenido txt
337 ## - TIPO DE MEDIO
Fuente rdamedia
Nombre del tipo de medio sin mediación
Código del tipo de medio n
338 ## - TIPO DE SOPORTE
Fuente rdacarrier
Nombre del tipo de soporte volumen
Código Tipo de soporte nc
490 ## - MENCIÓN DE SERIE
Mención de serie Tyndale Old Testament Commentaries
500 ## - NOTA GENERAL
Nota General Colección Dawn Christina Harrell
505 ## - NOTA DE CONTENIDO
Nota de contenido con formato preestablecido Prefacio general. -- Prefacio del autor. -- Abreviaturas principales. -- Introducción. -- Título y contenido. -- Estructura. -- Fuentes. -- Fecha y autoría. -- El texto hebreo de los Números. -- Problemas de interpretación de los Números. -- La teología de los Números -<br/>El uso cristiano de los números. -- Análisis. -- Comentario. -- Los grandes números. -- La historia de los sacerdotes y levitas. -- El análisis fuente de Números 13-14. -- El análisis fuente de los capítulos 16-17. -- Sacrificio del Antiguo Testamento. -- La ruta de los israelitas. -- Mapas. La ruta de los israelitas de Goshen a Cades (Núm. 33). -- La conquista de Transjordania (Núm. 33). -- Las fronteras de Canaán y la misión de los espías (Núm. 34: 1-12).
563 ## - NOTA DE ENCUADERNACIÓN
Nota de encuadernación Rústico
630 07 - TITULO UNIFORME
Título uniforme Biblia.
Nombre de parte o sección de la obra Antiguo Testamento
942 ## - TIPO DE MATERIAL (KOHA)
Tipo de Item KOHA Libros de Referencia
945 ## - INFORMACIÓN LOCAL DEL REGISTRO
Catalogador JTF-925
Existencias
Estado de Material Estado de Perdido Forma de Clasificación Estado de Dañado No para Préstamo Colección Biblioteca de Origen Biblioteca Permanente Fecha de Adquisición Forma de Adquisición Costo-Precio Total de Préstamos Signatura Topográfica Código de Barras Última vez visto Ejemplar/Existencia Fecha de Remplazo Tipo de Material
    Dewey Decimal Classification     Colección de Referencia Biblioteca FUSBC Biblioteca FUSBC 17/03/2020 Colección Dawn Christina Harrell 0.00   R 222.1407 W474n 8170 20/04/2021 Vol.4, ej.1 17/03/2020 Libros de Referencia

Biblioteca FUSBC | Teléfono: (57+4) 349 88 10 Ext. 141| WhatsApp (+57) 3005338115 
E-mail: biblioteca@unisbc.edu.co | Calle 76 87-14 Robledo Palenque, Medellín, Colombia

Con tecnología Koha